[Event "TUR-chT 2nd League"]
[Site "Konya"]
[Date "2022.08.28"]
[Round "9.12"]
[White "Karaboga, Baris"]
[Black "Sungu, Yagiz Kaan"]
[Result "1/2-1/2"]
[WhiteElo "1422"]
[BlackElo "1679"]
[PlyCount "63"]
[EventDate "2022.08.22"]
[EventType "team-swiss"]
[EventRounds "9"]
[EventCountry "TUR"]
[SourceTitle "CBM 210 Extra"]
[Source "ChessBase"]
[SourceDate "2022.11.30"]
[SourceVersion "1"]
[SourceVersionDate "2022.11.30"]
[SourceQuality "1"]
[WhiteTeam "Corum Belediye"]
[BlackTeam "Calli Spor"]
[WhiteTeamCountry "TUR"]
[BlackTeamCountry "TUR"]

1. d4 Nf6 2. Nf3 d5 3. e3 e6 4. Bd3 Bd6 5. Nbd2 0-0 6. b3 b6 7. Bb2 Bb7 8. 0-0 Nbd7 9. Ne5 Ne4 10. f3 Nxd2 11. Qxd2 f5 12. Rfd1 c5 13. c4 Qc7 14. Nxd7 Qxd7 15. cxd5 exd5 16. f4 Rfe8 17. a4 Re7 18. a5 Rae8 19. axb6 axb6 20. Re1 g6 21. dxc5 Bxc5 22. Be5 d4 23. e4 fxe4 24. Bxe4 d3+ 25. Kh1 Bd4 26. Ra7 Bxe5 27. Rxb7 Bxf4 28. Rxd7 Bxd2 29. Bd5+ Kf8 30. Rexe7 Rxe7 31. Rxe7 Kxe7 32. Bc4 1/2-1/2

[Event "TUR-chT 2nd League"]
[Site "Konya"]
[Date "2022.08.25"]
[Round "6.12"]
[White "Kurt, Emre"]
[Black "Karaboga, Baris"]
[Result "1-0"]
[WhiteElo "1651"]
[BlackElo "1422"]
[PlyCount "61"]
[EventDate "2022.08.22"]
[EventType "team-swiss"]
[EventRounds "9"]
[EventCountry "TUR"]
[SourceTitle "CBM 210 Extra"]
[Source "ChessBase"]
[SourceDate "2022.11.30"]
[SourceVersion "1"]
[SourceVersionDate "2022.11.30"]
[SourceQuality "1"]
[WhiteTeam "Gulbahcesi Egitim"]
[BlackTeam "Corum Belediye"]
[WhiteTeamCountry "TUR"]
[BlackTeamCountry "TUR"]

1. Nf3 Nf6 2. g3 e6 3. Bg2 d5 4. 0-0 b6 5. c4 Bb7 6. cxd5 exd5 7. d4 Bd6 8. Nc3 a6 9. Nh4 0-0 10. Bg5 c6 11. e4 dxe4 12. Nxe4 Be7 13. Nf5 Nd5 14. Bh6 Bc8 15. Nxg7 f5 16. Nh5 fxe4 17. Bxf8 Qxf8 18. Bxe4 Qf7 19. Re1 Bf5 20. Bxf5 Qxf5 21. Re5 Qg6 22. Qe2 Ra7 23. Re1 Kf7 24. Qf3+ Nf6 25. Nxf6 Bxf6 26. Qb3+ Kg7 27. Qxb6 Rf7 28. Qxb8 Bxe5 29. Qxe5+ Kh6 30. Re4 Rf5 31. Rh4+ 1-0

[Event "TUR-chT 2nd League"]
[Site "Konya"]
[Date "2022.08.22"]
[Round "1.6"]
[White "Karaboga, Baris"]
[Black "Isler, Ulviye Yaren"]
[Result "1/2-1/2"]
[WhiteElo "1422"]
[BlackElo "1296"]
[PlyCount "82"]
[EventDate "2022.08.22"]
[EventType "team-swiss"]
[EventRounds "9"]
[EventCountry "TUR"]
[SourceTitle "CBM 210 Extra"]
[Source "ChessBase"]
[SourceDate "2022.11.30"]
[SourceVersion "1"]
[SourceVersionDate "2022.11.30"]
[SourceQuality "1"]
[WhiteTeam "Corum Belediye"]
[BlackTeam "Karaman Masterler"]
[WhiteTeamCountry "TUR"]
[BlackTeamCountry "TUR"]

1. d4 d5 2. Nf3 e6 3. e3 Bd6 4. Bd3 f5 5. Nbd2 Nd7 6. b3 Ngf6 7. Bb2 Ne4 8. Ne5 Qf6 9. Nxd7 Bxd7 10. a3 0-0 11. Nf3 Qg6 12. g3 Be8 13. Ne5 Qh6 14. Be2 g5 15. Bf3 Qh3 16. Qe2 a6 17. Nd3 Bb5 18. Qf1 Qxf1+ 19. Rxf1 Rf6 20. Be2 Rh6 21. f3 Nf6 22. Rf2 Rc8 23. Nc5 Bxe2 24. Kxe2 Bxc5 25. dxc5 Nd7 26. b4 Rf8 27. Rd1 c6 28. c4 g4 29. cxd5 exd5 30. fxg4 fxg4 31. Rdf1 Re6 32. Rf4 Rg6 33. Kd3 Rxf4 34. Rxf4 b6 35. Bd4 bxc5 36. bxc5 Nf8 37. Rf6 Rxf6 38. Bxf6 Kf7 39. Be5 Ne6 40. Bd6 Ke8 41. e4 Ng5 1/2-1/2

[Event "TUR-chT Clubs"]
[Site "Konya"]
[Date "2019.07.20"]
[Round "8.14"]
[White "Efendioglu, Ahmet"]
[Black "Karaboga, Baris"]
[Result "1/2-1/2"]
[WhiteElo "1511"]
[BlackElo "1492"]
[PlyCount "60"]
[EventDate "2019.07.16"]
[EventType "team-swiss"]
[EventRounds "9"]
[EventCountry "TUR"]
[SourceTitle "CBM 191 Extra"]
[Source "ChessBase"]
[SourceDate "2019.09.30"]
[SourceVersion "1"]
[SourceVersionDate "2019.09.30"]
[SourceQuality "1"]
[WhiteTeam "Kalite Dernegi"]
[BlackTeam "Karaman Onder Durmus"]
[WhiteTeamCountry "TUR"]
[BlackTeamCountry "TUR"]

1. d4 Nf6 2. c4 e6 3. g3 d5 4. Nf3 b6 5. Bg2 Bb7 6. 0-0 Bd6 7. b3 Nbd7 8. Bb2 Ne4 9. Nbd2 f5 10. Ne5 Bxe5 11. dxe5 0-0 12. f4 Ndc5 13. Nxe4 Nxe4 14. Qc2 Qe7 15. cxd5 Bxd5 16. Rac1 Rac8 17. Rfd1 c5 18. Qb1 Rc7 19. Rc2 Rfc8 20. Qc1 Qf7 21. Ba1 Qe7 22. Bb2 Qf7 23. Ba1 Qe7 24. Bb2 Qf7 25. Ba1 Qe7 26. Bb2 Qf7 27. Ba1 Qe7 28. Bb2 Qf7 29. Ba1 Qe7 30. Bb2 Qf7 1/2-1/2

[Event "TUR-chT Clubs"]
[Site "Konya"]
[Date "2019.07.19"]
[Round "6.14"]
[White "Karaboga, Baris"]
[Black "Karaburun, Isa Emre"]
[Result "1-0"]
[WhiteElo "1492"]
[BlackElo "1230"]
[PlyCount "85"]
[EventDate "2019.07.16"]
[EventType "team-swiss"]
[EventRounds "9"]
[EventCountry "TUR"]
[SourceTitle "CBM 191 Extra"]
[Source "ChessBase"]
[SourceDate "2019.09.30"]
[SourceVersion "1"]
[SourceVersionDate "2019.09.30"]
[SourceQuality "1"]
[WhiteTeam "Karaman Onder Durmus"]
[BlackTeam "Mugla Buyuksehir"]
[WhiteTeamCountry "TUR"]
[BlackTeamCountry "TUR"]

1. d4 Nf6 2. Nf3 e6 3. e3 b6 4. Bd3 Bb7 5. Nbd2 Be7 6. b3 c5 7. Bb2 0-0 8. 0-0 cxd4 9. exd4 d5 10. Ne5 Nbd7 11. f4 Ne4 12. Rf3 f5 13. Qe2 Nxe5 14. fxe5 g5 15. Bxe4 dxe4 16. Rff1 Qe8 17. g4 Rc8 18. c4 Qg6 19. gxf5 exf5 20. d5 Bc5+ 21. Kh1 e3 22. Nf3 g4 23. e6 f4 24. Rg1 h5 25. h3 Rc7 26. hxg4 hxg4 27. Rxg4 Qxg4 28. Rg1 Rh7+ 29. Nh2 Qxg1+ 30. Kxg1 f3 31. Nxf3 Rxf3 32. Qg2+ Kf8 33. Qxf3+ Ke8 34. Kf1 e2+ 35. Kxe2 Rh2+ 36. Kd3 Rf2 37. Qh5+ Kd8 38. Qh4+ Kc8 39. Qh1 Rf8 40. Qh5 Be7 41. Be5 Rd8 42. Qf7 Bc5 43. Qc7# 1-0

[Event "TUR-chT Clubs"]
[Site "Konya"]
[Date "2019.07.18"]
[Round "4.15"]
[White "Karaboga, Baris"]
[Black "Kilic, Eray"]
[Result "0-1"]
[WhiteElo "1492"]
[BlackElo "1931"]
[PlyCount "62"]
[EventDate "2019.07.16"]
[EventType "team-swiss"]
[EventRounds "9"]
[EventCountry "TUR"]
[SourceTitle "CBM 191 Extra"]
[Source "ChessBase"]
[SourceDate "2019.09.30"]
[SourceVersion "1"]
[SourceVersionDate "2019.09.30"]
[SourceQuality "1"]
[WhiteTeam "Karaman Onder Durmus"]
[BlackTeam "Bitlis Ihtisas Egitim"]
[WhiteTeamCountry "TUR"]
[BlackTeamCountry "TUR"]

1. d4 Nf6 2. Nf3 d5 3. e3 e6 4. Nbd2 Bd6 5. b3 Nbd7 6. Bb2 0-0 7. Bd3 b6 8. Ne5 Bb7 9. 0-0 Ne4 10. f3 Nxd2 11. Qxd2 Nf6 12. Qe2 Qe7 13. h4 Nh5 14. g4 Ng3 15. Bxh7+ Kh8 16. Qd3 Bxe5 17. dxe5 Nxf1 18. h5 Qg5 19. Qxf1 Qxe3+ 20. Kg2 Qd2+ 21. Kg3 Kxh7 22. Bc1 Qc3 23. Bf4 f6 24. h6 g5 25. exf6 gxf4+ 26. Kg2 d4 27. Qe2 d3 28. Qxe6 Bxf3+ 29. Kh3 Qxf6 30. Qd7+ Kh8 31. Kh2 Qh4+ 0-1

[Event "TUR-chT Clubs"]
[Site "Konya"]
[Date "2019.07.16"]
[Round "1.4"]
[White "Keskin, Osman Orcun"]
[Black "Karaboga, Baris"]
[Result "1/2-1/2"]
[WhiteElo "1719"]
[BlackElo "1492"]
[PlyCount "64"]
[EventDate "2019.07.16"]
[EventType "team-swiss"]
[EventRounds "9"]
[EventCountry "TUR"]
[SourceTitle "CBM 191 Extra"]
[Source "ChessBase"]
[SourceDate "2019.09.30"]
[SourceVersion "1"]
[SourceVersionDate "2019.09.30"]
[SourceQuality "1"]
[WhiteTeam "Celik Dernegi"]
[BlackTeam "Karaman Onder Durmus"]
[WhiteTeamCountry "TUR"]
[BlackTeamCountry "TUR"]

1. d4 Nf6 2. Nf3 e6 3. c4 d5 4. Nc3 b6 5. cxd5 exd5 6. Bg5 Bb7 7. e3 Be7 8. Bb5+ Nbd7 9. Bxf6 Bxf6 10. Qa4 a6 11. Bd3 0-0 12. Qb3 Qe7 13. 0-0 Qd6 14. e4 dxe4 15. Bxe4 Bxe4 16. Nxe4 Qf4 17. Rfe1 Rfe8 18. g3 Qg4 19. Nxf6+ Nxf6 20. Re5 Rxe5 21. dxe5 Ne4 22. Rd1 Nc5 23. Qd5 Rf8 24. Rc1 Ne6 25. Qc6 Nc5 26. Rd1 Ne6 27. a3 h6 28. Rd7 a5 29. Nd2 Nd4 30. Qd5 Ne2+ 31. Kf1 Nf4 32. gxf4 Qd1+ 1/2-1/2